A new role for the QS: managing health and safety in the UK construction industry (Record no. 72558)
[ view plain ]
| 000 -LEADER | |
|---|---|
| fixed length control field | 01019cam a2200229 4500 |
| 001 - CONTROL NUMBER | |
| control field | ABS66635 |
| 008 - FIXED-LENGTH DATA ELEMENTS--GENERAL INFORMATION | |
| fixed length control field | 030429n2003 000 0 eng u |
| 035 ## - SYSTEM CONTROL NUMBER | |
| System control number | (Sirsi) u122106 |
| 100 ## - MAIN ENTRY--PERSONAL NAME | |
| Personal name | Watson, R. |
| 245 #2 - TITLE STATEMENT | |
| Title | A new role for the QS: managing health and safety in the UK construction industry |
| 260 ## - PUBLICATION, DISTRIBUTION, ETC. | |
| Date of publication, distribution, etc. | 2003 |
| 490 ## - SERIES STATEMENT | |
| Series statement | Building Economist |
| Volume/sequential designation | March 2003, 12-17(6) |
| 520 ## - SUMMARY, ETC. | |
| Summary, etc. | Examines the venture of quantity surveying professionals into a new role of planning superviser in the UK. Argues that this role has been created by the enactment of the CDM regulations, and adds that this new role is appropriate to the skills of a QS. Points out that Australia, though unaffected by these regulations, may follow the UK model. |
| 590 ## - LOCAL NOTE (RLIN) | |
| Local note | ABS |
| 650 ## - SUBJECT ADDED ENTRY--TOPICAL TERM | |
| Topical term or geographic name entry element | CONSTRUCTION (DESIGN AND MANAGEMENT) REGULATIONS 1994 |
| 650 ## - SUBJECT ADDED ENTRY--TOPICAL TERM | |
| Topical term or geographic name entry element | HEALTH AND SAFETY REGULATIONS |
| 650 ## - SUBJECT ADDED ENTRY--TOPICAL TERM | |
| Topical term or geographic name entry element | PLANNING SUPERVISORS |
| 650 ## - SUBJECT ADDED ENTRY--TOPICAL TERM | |
| Topical term or geographic name entry element | QUANTITY SURVEYORS |
| 650 ## - SUBJECT ADDED ENTRY--TOPICAL TERM | |
| Topical term or geographic name entry element | AUSTRALIA |
| 690 ## - LOCAL SUBJECT ADDED ENTRY--TOPICAL TERM (OCLC, RLIN) | |
| Topical term or geographic name as entry element | Quantity surveying |
| 9 (RLIN) | 6263 |
| 942 ## - ADDED ENTRY ELEMENTS (KOHA) | |
| Suppress in OPAC | 0 |
| Withdrawn status | Lost status | Source of classification or shelving scheme | Damaged status | Not for loan | Home library | Current library | Shelving location | Date acquired | Total Checkouts | Full call number | Barcode | Date last seen | Copy number | Price effective from | Koha item type |
|---|---|---|---|---|---|---|---|---|---|---|---|---|---|---|---|
| Dewey Decimal Classification | London | London | Journal article | 29/04/2003 | ABS66635 | 122106-1001 | 06/08/2019 | 1 | 06/08/2019 | Journal article |